LEADER 00912nab a2200193 a 4500 001 000000139696 003 CaOOAMICUS 005 20140910123411.0 008 140910s2011 it bu p 0 0ita r 040 $aPUL(R)$bita 111 2 $aSettimana Liturgica Nazionale$n(62 :$d2011 :$cTrieste).$0(OLS)http://pul/name/90063 245 10$aDio educa il suo popolo :$bLa liturgia sorgente inesauribile di catechesi . 260 $a[S.l. :$bs.n.],$c2011. 300 $a128 p. ;$c22 cm 500 $aSulla coperta: 62a Settimana liturgica nazionale, Trieste 22-26 agosto 2011. 710 2 $aCentro di azione liturgica.$0(OLS)http://pul/name/19924 772 1 $tLiturgia$dRoma : Centro Azione Liturgica, 1986-$ga.45, suppl. al n. 239 (2011)$w()71950 996 $6245$aDio educa il suo popolo :$bLa liturgia sorgente inesauribile di catechesi $9(OLS)http://pul/title/176845 996 $6260$a[S.l. :$bs.n.]$9(OLS)http://pul/publisher/81594 LEADER 01460nam a2200325 a 4500 001 000000173302 003 CaOOAMICUS 005 20200306085517.0 008 200222s2019 it u000 u ita r 020 $a978-88-921-2083-9* 032 $aLibriCat 040 $aPUL$bita 082 04$a347.002 100 1 $aNieva Fenoll, Jordi.$0(OLS)http://pul/name/111323 240 10$aInteligencia artificial y proceso judicial.$bItaliano.$0(OLS)http://pul/title/214439 245 10$aIntelligenza artificiale e processo / $cJordi Nieva-Fenoll ; traduzione e prefazione di Paolo Comoglio. 260 $aTorino :$bG. Giappichelli,$cİ2019. 300 $aXVI, 158 p.;$b$c24 cm 504 $aBibliografia in nota. 650 4$aIntelligenza artificiale (Processi).$0(OLS)http://pul/subject/46232 650 4$aProcedura processuale$xAutomazione.$0(OLS)http://pul/subject/46233 700 1 $aComoglio, Paolo.$0(OLS)http://pul/name/111207 850 $aPUL 852 $aPUL$W1$xSL Diritto e Scienze Sociali 3$y79$m347. 002 NIEJO 1$j197284$qDDC 21$B202070$CPULBib$Z2$F202070 $H133975 $82 941 1 $a9 996 $6020$a978-88-921-2083-9*$9(OLS)http://pul/number/167299 996 $6082$a347.002$9(OLS)http://pul/classification/3277 996 $6245$aIntelligenza artificiale e processo / $9(OLS)http://pul/title/214438 996 $6260$aTorino :$bG. Giappichelli$9(OLS)http://pul/publisher/49130